| 000 | 00491nam a2200181Ia 4500 | ||
|---|---|---|---|
| 008 | 240925s9999 xx 000 0 und d | ||
| 020 | _a817008623X | ||
| 082 | _a005.133 EAS | ||
| 100 | _aEastton, Chuck | ||
| 245 | 0 | _aC++ Programming Fundamentals | |
| 250 | _aNA | ||
| 260 |
_aBangalore: _bFirewall Media _c,2010. |
||
| 300 |
_a771p. _bN.A _fOriginal |
||
| 500 | _aIncludes Index | ||
| 600 | _aComputer Science | ||
| 650 | _aComputer science, information & general works | ||
| 942 | _cBK | ||
| 999 |
_c11149 _d11149 |
||